00841nam a2200253 a 4500001001300000003000900013005001700022008004100039020001000080082001300090100001900103245007500122260005900197300000900256500003500265505001000300650002000310700001900330902000800349942000700357952010500364952010500469999001300574nice12345678IN_TiNIC20260116011314.0050524s1967 bana grp 000 0 eng  ac10000a370bCAR aCarman, John B aStudy of Religion in Indian Universitiesb Report of the Consultation. aBangalorebChristian Instt.For Study of Religionc1967 a119p aincludes index and biblioraphy2 aIndex aEducation-India1 aCarman, John B bSRS cBK 00104070aHMIbHMId2019-05-07g100.00l4o370 CARp03878r2023-01-20s2022-07-15w2026-01-16yEB 00104070aHMIbHMId2019-05-07g100.00l1o370 CARp03879r2019-10-29s2019-10-21w2026-01-16yBK c357d357